000 00826nam a2200241 a 4500
001 71922
003 BD-RjUL
005 20211209082202.0
008 170509r19671963nyua b 001 0 eng
035 _a(BD-RjUL)72138
040 _aDLC/ICU
_cICU
_dDLC
_dBD-RjUL
_beng
041 _aeng
082 0 0 _223
_a530.44
_bLOE 1967
100 1 _aLongmire, Conrad L.
_9212726
245 1 0 _aElementary plasma physics /
_cConrad L Longmire
260 _aNew York :
_bInterscience Publishers,
_c1963 [reprinted 1967]
300 _axi, 296 p. :
_bill. ;
_c24 cm.
490 1 _aInterscience monographs and texts in physics and astronomy,
_v9
504 _aIncludes Bibliography and index
650 0 _aPlasma (Ionized gases)
_9160125
830 0 _aInterscience monographs and texts in physics and astronomy ;
_v 9
_9116639
942 _2ddc
_cBK
999 _c71922
_d71922